Normal view
MARC view
- Estudiantes universitarios
Entry Materia
001 - NÚMERO DE CONTROL DEL REGISTRO
- campo de control: 6834
003 - IDENTIFICADOR DE NUMERO DE CONTROL
- campo de control: MX-MxUPN
005 - FECHA Y HORA DE LA ÚLTIMA TRANSACCIÓN
- campo de control: 20250212124850.0
008 - DATOS DE LONGITUD FIJA
- campo de control de longitud fija: 250212n| fcnnnbabn | ana |d
035 ## - NÚMERO DE CONTROL DEL SISTEMA
- Número de control del sistema: UPN10000006836
040 ## - FUENTE DE LA CATALOGACIÓN
- Centro catalogador de origen: MX-MxUPN
- Lengua de catalogación: spa
- Agencia de transcripción: MX-MxUPN
150 ## - ENCABEZAMIENTO - TEMÁTICO
- Término de materia o nombre geográfico como elemento inicial: Estudiantes universitarios
- Subdivisión de materia general: Actividad política
- Subdivisión geográfica: México
450 ## - VÉASE - MATERIA
- Encabezamiento temático: Estudiantes universitarios -
- Subdivisión geográfica: México -
- Subdivisión temática general: Actividad política
670 ## - FUENTE EN LA QUE SE LOCALIZARON DATOS
- Cita de la fuente: LC/P
- Información localizada: College students - Political activity - Mexico
902 ## - CATALOGADOR
- Catalogador: MMA/191011
